Ciutats per a un planeta petit / Richard Rogers, Philip Gumuchdjian
ISBN:
84-7794-661-2
Publicado:
Barcelona :
Diputació de Barcelona, Àrea de Cooperació, Oficina Tècnica de Cooperació ,
2000
Descripción Física:
179 p. : il. ; 24 cm
Colección:
Espai públic urbà ; 0
Otros Autores:
Gumuchdjian, Philip
MARC
| LEADER | 00000nam a2200000Ia 4500 | ||
|---|---|---|---|
| 001 | 12386 | ||
| 008 | 160829s2000 xx 000 0 cat d | ||
| 020 | |a 84-7794-661-2 | ||
| 080 | |a B-1-290 | ||
| 100 | |a Rogers, Richard |9 20626 | ||
| 245 | |a Ciutats per a un planeta petit / Richard Rogers, Philip Gumuchdjian | ||
| 260 | |a Barcelona : |b Diputació de Barcelona, Àrea de Cooperació, Oficina Tècnica de Cooperació, |c 2000 | ||
| 300 | |a 179 p. : |b il. ; |c 24 cm | ||
| 490 | |a Espai públic urbà ; 0 | ||
| 590 | |a Bibliografia. | ||
| 590 | |a Índex | ||
| 650 | 0 | |a Urbanisme--Aspectes ambientals |9 41515 | |
| 650 | 0 | |a Desenvolupament sostenible |9 23028 | |
| 700 | |a Gumuchdjian, Philip |9 20629 | ||
| 710 | |a Barcelona (Catalunya : Província). |b Oficina Tècnica de Cooperació |9 53580 | ||
| 901 | |a Arxiu | ||
| 942 | |n 1 | ||
| 952 | |0 0 |1 0 |4 0 |6 B1290 |7 1 |9 41614 |a Arxiu |b Arxiu |d 2016-12-01 |l 0 |o B-1-290 |p 12386 |r 2016-12-01 00:00:00 |w 2016-12-01 |y ARXIU | ||
| 999 | |c 43504 |d 43504 | ||